La ilustración y la educación en la Nueva España.

保存先:
書誌詳細
第一著者: Tanck de Estrada, Dorothy (autor)
フォーマット: 図書
言語:スペイン語
シリーズ:(Biblioteca pedagógica ; no. 13)
主題:
タグ: タグ追加
タグなし, このレコードへの初めてのタグを付けませんか!

MARC

LEADER 00000cam^a2200000uu^4500
001 000479929
005 20250521000000.0
008 050901s1985^^^^^^^^^^^^rd^r^^000^0^spa^d
009 20260310124950.788
022 |a 9686011927 
035 |a FCE 000022936 
035 |a FCE 004115 
037 |a Acervo ITESO - Biblioteca 
041 |a spa 
082 0 4 |a 082.1  |b SECa 13 
100 |a Tanck de Estrada, Dorothy  |e (autor) 
245 1 3 |a La ilustración y la educación en la Nueva España. 
264 |a México :  |b SEP El Caballito,  |c 1985. 
300 |a 159 p. 
336 |a texto  |b txt  |2 rdacontenido 
337 |a sin mediación  |b n  |2 rdamedio 
338 |a volumen  |b nc  |2 rdasoporte 
440 0 |a (Biblioteca pedagógica ;  |v no. 13) 
649 |a XX 
650 |a Antología 
650 |a Capacitación 
910 |a Fondo Centro de Estudios Educativos 
920 |a Impresos - Libros 
930 |a Fondos Especiales 
905 |a 133 
901 |a ALE004115  |b IT2  |c CEE  |u 20250521 
901 |a ALE045376  |b IT2  |c CEE  |u 20250521 
901 |a ALE045377  |b IT2  |c CEE  |u 20250521 
902 |a https://opac.biblio.iteso.mx/vufind/Record/000479929